Methods for assessing soil quality /
Guardado en:
| Autor Corporativo: | |
|---|---|
| Otros Autores: | , |
| Formato: | Libro |
| Idioma: | English |
| Publicado: |
Madison, Wis., USA :
Soil Science Society of America,
1996.
|
| Series: | SSSA special publication ;
no. 49 |
| Etiquetas: |
Agregar Etiqueta
Sin Etiquetas, Sea el primero en etiquetar este registro!
|
| LEADER | 01184cam a2200205 a 4500 | ||
|---|---|---|---|
| 001 | EEA.libagro009618 | ||
| 005 | 20161012081653.0 | ||
| 008 | 961210s1996####wiua#####b####100#0#eng## | ||
| 020 | |a 0891188266 | ||
| 082 | 0 | 0 | |a 631.4 |
| 245 | 0 | 0 | |a Methods for assessing soil quality / |c editors, John W. Doran and Alice J. Jones ; editorial committee, Richard P. Dick ... [et al.] ; editor-in-chief SSSA, Jerry M. Bigham ; managing editor, David M. Kral ; associate editor, Marian K. Viney. |
| 260 | |a Madison, Wis., USA : |b Soil Science Society of America, |c 1996. | ||
| 300 | |a xxvi, 410 p. : |b il. (algunas col.) ; |c 23 cm. | ||
| 490 | 1 | |a SSSA special publication ; |v no. 49 | |
| 500 | |a Papers in this publication evolved out of the work and collaboration of the North Regional Committee on Soil Organic Matter and Soil Quality (NCR-59) and the North Central Regional Committee on Impact of Accelerated Erosion on Soil Properties and Productivity (NC-174). | ||
| 504 | |a Incluye referencias bibliográficas. | ||
| 700 | 1 | |a Doran, John Walsh, |d 1945- | |
| 700 | 1 | |a Jones, Alice J. |q (Alice Jane), |d 1953- | |
| 710 | 2 | |a Soil Science Society of America. | |
| 859 | |a AR-BbBCA |b BIB. AGRONOMIA |h 631.4 |i D693 |p 1998/3157 | ||
